| 000 | 00993nam a22002537a 4500 | ||
|---|---|---|---|
| 005 | 20170124103019.0 | ||
| 010 | _aA-119107 | ||
| 020 | _c30.00 | ||
| 035 | _aA-119107 | ||
| 037 | _bCen Lib/Ret | ||
| 040 |
_aDPL _bHN |
||
| 082 |
_aउ _bदिनेश |
||
| 100 |
_aदिनेश धर्मपाल _959944 |
||
| 245 |
_aपरंपरा / _cधर्मपाल दिनेश |
||
| 246 |
_aParampara / _bby Dharampal Dinesh |
||
| 260 |
_aदिल्ली _bजयश्री प्रकाशन _c1981 |
||
| 270 |
_a4/115 विश्वासनगर, शाहदरा _bदिल्ली _e110032 |
||
| 300 |
_a204पृ. _c18सेमी (सजिल्द) |
||
| 650 |
_a हिन्दी साहित्य _959945 |
||
| 650 |
_a हिन्दी साहित्य -- उपन्यास _946379 |
||
| 650 |
_aHindi literature _959946 |
||
| 650 |
_aHindi literature -- Fiction _959947 |
||
| 942 |
_2ddc _cHN _hउ _mदिनेश |
||
| 999 |
_c115113 _d115113 |
||